| 000 | 00592nam a2200169 a 4500 | ||
|---|---|---|---|
| 001 | 000028674 | ||
| 005 | 20200930055054.0 | ||
| 008 | 110411s1994 sp a 000 0 spa d | ||
| 020 | _a8476512031 | ||
| 040 |
_aDO-SdBNP _bspa _cBNPHU |
||
| 100 | 1 |
_aCurtis, Edward S. _d(1868-1952) _955650 |
|
| 245 | 1 | 0 |
_aKukúsim : _bvida e iniciación de un joven indio / _cEdward S. Curtis ; traductor de Carlos Polit. |
| 260 |
_aEspaña : _bHesperus, _c1994. |
||
| 300 |
_a194 p. : _bil., laminas ; _c22 cm. |
||
| 500 | _aIncluye datos biográficos del autor en la solapa | ||
| 700 | 1 |
_aPolit, Carlos _etr. _955651 |
|
| 999 |
_c28166 _d28166 |
||